|
|
|
|
| LEADER |
00000nam a2200000 i 4500 |
| 001 |
1/86689 |
| 008 |
931206s1976 eng d |
| 020 |
|
|
|a 0-10-164210-5
|
| 035 |
|
|
|a 1989
|b 2
|c Δωρεά
|l 10035040
|
| 040 |
|
|
|a GR-MY-UA
|b gre
|e aacr
|
| 041 |
0 |
|
|a eng
|
| 082 |
0 |
|
|a 370.9411
|
| 110 |
1 |
|
|a Great Britain
|b Scottish Education Department.
|
| 245 |
1 |
0 |
|a Education in Scotland in 1975 :
|b a report of the secretary of state for Scotland /
|c Scottish Education Department
|
| 260 |
|
|
|a Edinburgh :
|b H.M.S.O.,
|c 1976
|
| 300 |
|
|
|a 52 p.
|
| 650 |
0 |
0 |
|a Education
|z Scotland
|y 1965-
|
| 852 |
|
|
|a INST
|b RHODES
|e 19931206
|h 370.9411 GRE
|p 005400003575
|q 005400003575
|t BK
|y 0
|
| 909 |
|
|
|a Ρ
|b 017443
|c 1989
|